=LDR 00000nam 2200000 4500 =001 INLIS000000000023500 =005 20130612122147 =008 ***********************************Ind** =035 ##$$0010-061300000023500 =041 ##$$a Ind =082 ##$$a 739 =090 ##$$a 739, Wih-p =100 ##$$a Wiharto, Sri Hono =245 ##$$a Prospek usaha pengolahan logam bekas, Sri Hono Wiharto =260 ##$$a 2000 $b Jakarta =300 ##$$a vi, 40 hlm., ilus., 21 cm =650 ##$$a Barang logam =850 ##$$a NBPNMAT